logo

Bir Sreshtho Munshi Abdur Rouf Library
Jhenaidah Cadet College

রোড টু বিকামিং সিইও : (Record no. 13003)

MARC details
000 -LEADER
fixed length control field 00930nam a2200241 a 4500
001 - CONTROL NUMBER
JCCL Control Number 13003
003 - CONTROL NUMBER IDENTIFIER
JCCL marc code BD-JhCC
005 - DATE AND TIME OF LATEST TRANSACTION
control field 20230613081131.0
008 - FIXED-LENGTH DATA ELEMENTS--GENERAL INFORMATION
fixed length control field 230613s2022 bg |||| |||| 000 0 ben d
020 ## - INTERNATIONAL STANDARD BOOK NUMBER
International Standard Book Number 9789847768137
035 ## - SYSTEM CONTROL NUMBER
system control number (BD-JhCC)13003
040 ## - CATALOGING SOURCE
Original cataloging agency BD-JhCC
Modifying agency BD-JhCC
041 ## - LANGUAGE CODE
Language code of Book ben
082 ## - DEWEY DECIMAL CLASSIFICATION NUMBER
Classification number 650.14
Author mark and Year NOZ 2022
100 ## - MAIN ENTRY--PERSONAL NAME
Personal name নজর-ই-জ্বিলানী
245 ## - TITLE STATEMENT
Title রোড টু বিকামিং সিইও :
Remainder of title ভারতীয়, শ্রীলংকান, চাইনিজদের পেছনে ফেলে সময় এখন আমাদের সিইও হওয়ার /
Statement of responsibility, etc নজর-ই-জ্বিলানী
260 ## - PUBLICATION, DISTRIBUTION, ETC. (IMPRINT)
Place of publication, distribution, etc ঢাকা :
Name of publisher, distributor, etc ঐতিহ্য,
Date of publication, distribution, etc ২০২২
300 ## - PHYSICAL DESCRIPTION
Pagination ১১৯ পৃ. :
Dimensions ২০ সেমি.
650 ## - SUBJECT ADDED ENTRY--TOPICAL TERM
Topical term or geographic name as entry element Chief executive officers (CEO)
650 ## - SUBJECT ADDED ENTRY--TOPICAL TERM
Topical term or geographic name as entry element Leadership
650 ## - SUBJECT ADDED ENTRY--TOPICAL TERM
Topical term or geographic name as entry element Career development
942 ## - ADDED ENTRY ELEMENTS (KOHA)
Source of classification or shelving scheme Dewey Decimal Classification
Koha item type Books
Holdings
Source of classification or shelving scheme Damaged status Not for loan Home library Current library Shelving location Date of accession Cost, normal purchase price Total Checkouts Full call number Barcode Date last seen Date checked out Copy number Method of acquisition Koha item type Currency
Dewey Decimal Classification     JCC Rouf Library JCC Rouf Library General Stacks 06/13/2023 180.00 1 650.14 NOZ 2022 17934 11/06/2023 10/30/2023 C-1 Purchase Books BDT

JCC Library | Contacts | JCC Home

Last Update on 23 September 2017
Copyright @ 2017-2020 JCC Rouf Library
Rouf Library, Jhenidah Cadet College (JCC), Bangladesh